00776nam a2200181Ia 450000500170000000800410001702000150005808200220007310000280009524500530012325000180017626000340019430000180022850400330024650502720027965000260055165000170057720231102150551.0120622s1996 mx r 000 0 spa d a968432233X4 a364.3bM317p 19961 aMarchiori, Hildaeautor10aPersonalidad del delincuentec / Hilda Marchiori a5a. edición3 aMéxicob : Porrúac, 1996 a179 páginas aBibliografía (pp. 169-179) aPersonalidad psicopática y criminalidad El delincuente sexual Psicosis y criminalidad Neurosis y criminalidad Retardo mental y criminalidad Personalidad senil y criminalidad Trastornos convulsivos y delincuencia Personalidad dependiente y ciminalidad -toxicomanias-14aPSICOLOGÍA CRIMINAL24aDELINCUENTES